Reason and existence : Schelling's philosophy of history.

Saved in:
Bibliographic Details
Main Author: Hayner, Paul Collins, 1918-
Format: Book
Language:English
Published: Leiden : E.J. Brill, 1967.
Subjects:
LEADER 01013nam a2200253 i 4500
001 c000248993
003 CARM
005 00000000000000.0
008 840409s1967 ne 0 eng d
019 1 |a 666645  |5 LACONCORD2021 
035 |a (OCoLC)1093086  |5 LACONCORD2021 
082 0 4 |a 193 
100 1 |a Hayner, Paul Collins,  |d 1918- 
245 1 0 |a Reason and existence :  |b Schelling's philosophy of history. 
260 |a Leiden :  |b E.J. Brill,  |c 1967. 
300 |a 176 p. 
500 |a Bibliography: p. [174]-176. 
600 1 0 |a Schelling, Friedrich Wilhelm Joseph von,  |d 1775-1854. 
650 0 |a History  |x Philosophy. 
852 8 |b CARM  |h A2:AQ28F0  |i C08492  |p 0330595  |f BK 
852 8 |b CARM  |h A1:AL20E0  |i C10453  |p 0448196  |f BK 
999 f f |i 710d0b72-bbfe-5fa4-bed8-4a12100efb46  |s 7ab8a7e5-e9c8-5179-8fff-d4e1b1c920b0 
952 f f |p Can circulate  |a CAVAL  |b CAVAL  |c CAVAL  |d CARM 1 Store  |e C10453  |f A1:AL20E0  |h Other scheme  |i book  |m 0448196 
952 f f |p Can circulate  |a CAVAL  |b CAVAL  |c CAVAL  |d CARM 1 Store  |e C08492  |f A2:AQ28F0  |h Other scheme  |i book  |m 0330595